Odkaz Luca Paciolilo pre súčasnosť

V novembri 1494 bola v Benátkach vydaná kniha Paciolho, v ktorej popísal benátsky spôsob vedenia účtovníctva metódou podvojných účtovných zápisov. Hoci sa, za stáročia dodnes, podoba účtovníctva zmenila, na jeho podstate, ako ju Luca Pacioli vo svojej knihe vystihol, sa nič nezmenilo. Preto je odka...

Ausführliche Beschreibung

Gespeichert in:
Bibliographische Detailangaben
1. Verfasser: Feketeová, Renáta, 1974-
Format: Buchkapitel
Sprache:Slowakisch
Schlagworte:
Tags: Tag hinzufügen
Keine Tags, Fügen Sie das erste Tag hinzu!

MARC

LEADER 00000nla$a2200000$$$4500
001 0088156
005 20240502072004.6
041 0 |a slo 
044 |a SK 
245 1 0 |a Odkaz Luca Paciolilo pre súčasnosť  |c Renáta Feketeová 
520 |a V novembri 1494 bola v Benátkach vydaná kniha Paciolho, v ktorej popísal benátsky spôsob vedenia účtovníctva metódou podvojných účtovných zápisov. Hoci sa, za stáročia dodnes, podoba účtovníctva zmenila, na jeho podstate, ako ju Luca Pacioli vo svojej knihe vystihol, sa nič nezmenilo. Preto je odkaz Luca Pacioliho stále živý a je potrebné si ho pripomínať, najmä v súčasnej dobe často sa meniacej legislatívy v oblasti účtovníctva. 
610 2 0 |a účtovníctvo podvojné 
610 2 0 |a história 
610 2 0 |a Taliansko 
100 1 |a Feketeová, Renáta, 1974-